[Event "ESP-ch FEDC 29th"]
[Site "San Fernando"]
[Date "2020.11.21"]
[Round "5"]
[White "Merino Gomez, Aurelio"]
[Black "Fernandez Coya, Jose Luis"]
[Result "0-1"]
[WhiteElo "1563"]
[BlackElo "1594"]
[PlyCount "112"]
[EventDate "2020.11.17"]
[EventType "swiss"]
[EventRounds "7"]
[EventCountry "ESP"]
[SourceTitle "EXT 2024"]
[Source "ChessBase"]
[SourceDate "2023.10.10"]
[SourceVersion "1"]
[SourceVersionDate "2023.10.10"]
[SourceQuality "1"]

1. Nf3 Nf6 2. c4 e6 3. d4 b6 4. Nc3 Bb4 5. Bg5 h6 6. Bd2 Ba6 7. e3 0-0 8. Bd3 d5 9. b3 Nc6 10. 0-0 dxc4 11. bxc4 Na5 12. Qe2 c5 13. Rab1 Nc6 14. Rfd1 Qc7 15. a3 Ba5 16. Nb5 Bxb5 17. cxb5 Bxd2 18. Qxd2 Na5 19. dxc5 Qxc5 20. Qb2 Qe7 21. Ne5 Rac8 22. Rbc1 Rc5 23. Rxc5 Qxc5 24. Rc1 Qd6 25. h3 Nd7 26. Nxd7 Qxd7 27. Rd1 Qe7 28. a4 Nb7 29. Bb1 Nc5 30. Qc2 g6 31. Rc1 Rd8 32. a5 Qd7 33. axb6 axb6 34. Qc4 Ra8 35. Be4 Ra4 36. Qe2 Rxe4 37. Qf3 Rb4 38. Qc6 Qe7 39. Rd1 Na4 40. Rd7 Qc5 41. Rd8+ Kg7 42. Qe8 Kf6 43. Qh8+ Kg5 44. f4+ Rxf4 45. Rd3 Re4 46. Qd8+ f6 47. Kf2 Qf5+ 48. Ke2 Qxb5 49. Kf3 Qf5+ 50. Ke2 Nc5 51. Ra3 Ra4 52. Rxa4 Nxa4 53. Qd4 Nc5 54. h4+ Kh5 55. g3 Qg4+ 56. Kf2 Qxd4 0-1

[Event "ESP-ch FEDC 29th"]
[Site "San Fernando"]
[Date "2020.11.19"]
[Round "3"]
[White "Merino Gomez, Aurelio"]
[Black "Sanchez Ruiz, Justo"]
[Result "1-0"]
[WhiteElo "1563"]
[BlackElo "1547"]
[PlyCount "77"]
[EventDate "2020.11.17"]
[EventType "swiss"]
[EventRounds "7"]
[EventCountry "ESP"]
[SourceTitle "EXT 2024"]
[Source "ChessBase"]
[SourceDate "2023.10.10"]
[SourceVersion "1"]
[SourceVersionDate "2023.10.10"]
[SourceQuality "1"]

1. d4 d5 2. Nf3 Nf6 3. c4 e6 4. e3 c5 5. Nc3 Nc6 6. cxd5 Nxd5 7. Bb5 Qb6 8. Ne5 Bd6 9. Nf3 0-0 10. Be2 cxd4 11. exd4 Bb4 12. Bd2 Rd8 13. a3 Be7 14. Na4 Qc7 15. Rc1 Qb8 16. 0-0 Bf6 17. Nc3 Nf4 18. Be3 Nxe2+ 19. Qxe2 Bxd4 20. Bxd4 Nxd4 21. Nxd4 Rxd4 22. Nb5 Rd7 23. Rfd1 Rxd1+ 24. Qxd1 h6 25. Nc7 b6 26. Nxa8 Qxa8 27. Qd8+ Kh7 28. Qxc8 Qd5 29. Qc2+ g6 30. h3 h5 31. Rd1 Qe5 32. Qd2 a5 33. b4 axb4 34. axb4 b5 35. Qd4 Qe2 36. Ra1 e5 37. Qc3 f6 38. Ra7+ Kh6 39. Qe3+ 1-0

[Event "Almunecar FEDC op 23th"]
[Site "Almunecar"]
[Date "2019.10.04"]
[Round "7"]
[White "Merino Gomez, Aurelio"]
[Black "Knafo, Michael"]
[Result "1-0"]
[WhiteElo "1539"]
[BlackElo "1703"]
[PlyCount "121"]
[EventDate "2019.09.28"]
[EventType "swiss"]
[EventRounds "7"]
[EventCountry "ESP"]
[SourceTitle "EXT 2024"]
[Source "ChessBase"]
[SourceDate "2023.10.10"]
[SourceVersion "1"]
[SourceVersionDate "2023.10.10"]
[SourceQuality "1"]

1. Nf3 Nf6 2. d4 d5 3. Bf4 Bf5 4. e3 e6 5. c3 Bd6 6. Bg3 Bxg3 7. hxg3 h6 8. Nbd2 Nbd7 9. Be2 c6 10. c4 dxc4 11. Nxc4 Nb6 12. Nfe5 Nxc4 13. Nxc4 Ne4 14. g4 Bh7 15. Bd3 Nd6 16. Ne5 Bxd3 17. Qxd3 Qa5+ 18. Ke2 Ke7 19. Rh5 Qb6 20. b3 g6 21. Rhh1 Qb5 22. f3 Qxd3+ 23. Nxd3 f6 24. Rac1 Rac8 25. Nf4 Kf7 26. Nd3 Ke7 27. Nf4 Kf7 28. Nd3 Ke7 29. Rc5 Kf7 30. Rhc1 Rhd8 31. Rh1 Rh8 32. Rcc1 Rce8 33. Kf2 Rd8 34. Ke2 Rde8 35. Rc5 Rc8 36. Rhc1 Ke7 37. a4 a6 38. Nf4 Kf7 39. Nd3 Ke7 40. R5c2 Rhe8 41. Rh1 Rh8 42. Rcc1 Kf7 43. Nc5 Rce8 44. Rhd1 Rc8 45. e4 Rc7 46. e5 fxe5 47. dxe5 Nc8 48. Rd2 Nb6 49. Ne4 Nd5 50. Nd6+ Kf8 51. g3 g5 52. Rdd1 Ne7 53. f4 gxf4 54. gxf4 Ng6 55. Ke3 Rd7 56. Ne4 Rxd1 57. Rxd1 Ke7 58. Nd6 Rd8 59. Rh1 Rh8 60. Nxb7 Rb8 61. Nc5 1-0

[Event "Benidorm FEDC op 20th"]
[Site "Benidorm"]
[Date "2018.06.13"]
[Round "4"]
[White "Merino Gomez, Aurelio"]
[Black "Garcia Andrinal, Antonio"]
[Result "0-1"]
[WhiteElo "1584"]
[BlackElo "1701"]
[PlyCount "54"]
[EventDate "2018.06.10"]
[EventType "swiss"]
[EventRounds "7"]
[EventCountry "ESP"]
[SourceTitle "CBM 184 Extra"]
[Source "ChessBase"]
[SourceDate "2018.06.28"]
[SourceVersion "1"]
[SourceVersionDate "2018.06.28"]
[SourceQuality "1"]

1. d4 d5 2. Bf4 Nf6 3. e3 g6 4. Nf3 Bg7 5. Nbd2 Nbd7 6. Be2 c6 7. h3 0-0 8. 0-0 Ne4 9. c4 Ndf6 10. c5 Nxd2 11. Qxd2 Ne4 12. Qc1 e6 13. Bd3 Re8 14. Nd2 Nxd2 15. Qxd2 e5 16. dxe5 Bxe5 17. Bxe5 Rxe5 18. Qc3 Qe7 19. b4 Bd7 20. Rfc1 Rg5 21. Kh2 Rh5 22. Re1 Qh4 23. Qc2 Rg5 24. Rf1 Rxg2+ 25. Kxg2 Bxh3+ 26. Kg1 Qg5+ 27. Kh2 Qg2# 0-1

[Event "Madrid FEDC-ch 25th"]
[Site "Madrid"]
[Date "2016.11.13"]
[Round "8"]
[White "Martinez Morina, Manel"]
[Black "Merino Gomez, Aurelio"]
[Result "1/2-1/2"]
[WhiteElo "1696"]
[BlackElo "1608"]
[PlyCount "93"]
[EventDate "2016.11.06"]
[EventType "swiss"]
[EventRounds "8"]
[EventCountry "ESP"]
[SourceTitle "CBM 175 Extra"]
[Source "ChessBase"]
[SourceDate "2016.12.12"]
[SourceVersion "1"]
[SourceVersionDate "2016.12.12"]
[SourceQuality "1"]

1. d4 Nf6 2. Nf3 g6 3. g3 Bg7 4. Bg2 d5 5. 0-0 0-0 6. b3 Bg4 7. Bb2 Qc8 8. Re1 h6 9. Nbd2 c6 10. c4 Bxf3 11. Bxf3 e6 12. Rc1 Qd8 13. e3 Nbd7 14. Bg2 Re8 15. Nf3 Rc8 16. Re2 Ne4 17. cxd5 exd5 18. Rec2 Qe7 19. Qe1 Bf8 20. Nd2 Nxd2 21. Qxd2 Nf6 22. Qe2 h5 23. Qd3 Bh6 24. Re1 Qd7 25. Bc1 Ne4 26. Rce2 Bf8 27. Bb2 Bb4 28. Rd1 Bf8 29. f3 Nf6 30. e4 dxe4 31. fxe4 Ng4 32. Bh3 Qe7 33. Bxg4 hxg4 34. Rf1 Rcd8 35. Qe3 Bg7 36. e5 a6 37. Qf4 Qe6 38. Qg5 c5 39. Rd2 cxd4 40. Bxd4 Rd5 41. Re1 Red8 42. Bc3 Rxd2 43. Bxd2 Rd5 44. Bc3 Bf8 45. Qf6 Bc5+ 46. Kg2 Qxf6 47. exf6 1/2-1/2

[Event "Linares FEDC-ch 24th"]
[Site "Linares"]
[Date "2014.11.17"]
[Round "2"]
[White "Merino Gomez, Aurelio"]
[Black "Lago Carballo, Carmen"]
[Result "1-0"]
[WhiteElo "1696"]
[BlackElo "1447"]
[PlyCount "71"]
[EventDate "2014.11.16"]
[EventType "swiss"]
[EventRounds "8"]
[EventCountry "ESP"]
[SourceTitle "CBM 163 Extra"]
[Source "ChessBase"]
[SourceDate "2014.12.23"]
[SourceVersion "1"]
[SourceVersionDate "2014.12.23"]
[SourceQuality "1"]

1. c4 c6 2. Nc3 Nf6 3. g3 d5 4. cxd5 cxd5 5. d4 Bf5 6. Bg2 e6 7. a3 Nc6 8. Nf3 h6 9. 0-0 Be7 10. Re1 0-0 11. Nh4 Bh7 12. Nf3 Ne4 13. e3 Nxc3 14. bxc3 Be4 15. Nd2 Bxg2 16. Kxg2 Bg5 17. Nf3 f5 18. Nxg5 Qxg5 19. e4 Qd8 20. exf5 exf5 21. Bf4 Re8 22. Qh5 Qd7 23. Qg6 Qf7 24. Qxf7+ Kxf7 25. Rab1 Rxe1 26. Rxe1 Re8 27. Rb1 Re7 28. h4 Rd7 29. a4 Nd8 30. Be5 Ne6 31. f4 g6 32. Kf3 h5 33. Ke3 Nc7 34. Rxb7 Ke6 35. Rxc7 Rxc7 36. Bxc7 1-0

[Event "Valladolid Once-ch 23rd"]
[Site "Valladolid"]
[Date "2012.11.25"]
[Round "8"]
[White "Miramon Borragan, Gustavo"]
[Black "Merino Gomez, Aurelio"]
[Result "0-1"]
[WhiteElo "1615"]
[BlackElo "1546"]
[PlyCount "80"]
[EventDate "2012.11.18"]
[EventType "swiss"]
[EventRounds "8"]
[EventCountry "ESP"]
[SourceTitle "CBM 151 Extra"]
[Source "ChessBase"]
[SourceDate "2012.12.18"]
[SourceVersion "1"]
[SourceVersionDate "2012.12.18"]
[SourceQuality "1"]

1. e4 c5 2. Nf3 Nc6 3. Nc3 d6 4. h3 Nf6 5. a3 a6 6. d4 cxd4 7. Nxd4 g6 8. Nf3 Bg7 9. Bd3 0-0 10. Be3 Nd7 11. Qd2 Nde5 12. Nxe5 Bxe5 13. 0-0 f5 14. Bh6 Rf7 15. Rad1 f4 16. b3 f3 17. g4 e6 18. Bg5 Bf6 19. Be3 Ne5 20. Kh2 Qf8 21. Rg1 Rc7 22. Na4 Rf7 23. Bf1 b5 24. Nb6 Rb8 25. Qxd6 Qxd6 26. Rxd6 Nxg4+ 27. Kh1 Nxe3 28. fxe3 Kg7 29. Nxc8 Rxc8 30. Bd3 Bh4 31. Rxe6 f2 32. Rf1 Rcf8 33. Rxa6 Rf3 34. Kg2 Rxe3 35. Ra7+ Kh6 36. Rb7 Rg3+ 37. Kh2 Rff3 38. Rd1 Rxh3+ 39. Kg2 Rfg3+ 40. Kf1 Re3 0-1

[Event "Benidorm FEDC op 12th"]
[Site "Benidorm"]
[Date "2012.06.21"]
[Round "5"]
[White "Merino Gomez, Aurelio"]
[Black "Dos Reis Cabrera, Jose Manuel"]
[Result "1-0"]
[WhiteElo "1536"]
[BlackElo "1285"]
[PlyCount "44"]
[EventDate "2012.06.17"]
[EventType "swiss"]
[EventRounds "7"]
[EventCountry "ESP"]
[SourceTitle "EXT 2024"]
[Source "ChessBase"]
[SourceDate "2023.10.10"]
[SourceVersion "1"]
[SourceVersionDate "2023.10.10"]
[SourceQuality "1"]

1. e4 e5 2. Nf3 Nc6 3. Bc4 Be7 4. d4 exd4 5. Nxd4 Nxd4 6. Qxd4 Nf6 7. e5 Nh5 8. g4 Bg5 9. Bxg5 Qxg5 10. gxh5 Qc1+ 11. Qd1 Qg5 12. Nc3 Qxe5+ 13. Qe2 Qxe2+ 14. Bxe2 0-0 15. 0-0-0 d6 16. Rhg1 Be6 17. h6 g6 18. b3 a6 19. h4 Kh8 20. Kb2 b5 21. Nd5 Bxd5 22. Rxd5 Rac8 1-0

[Event "Benidorm FEDC op 12th"]
[Site "Benidorm"]
[Date "2012.06.20"]
[Round "4"]
[White "Martinez Colomar, Alejandro"]
[Black "Merino Gomez, Aurelio"]
[Result "1-0"]
[WhiteElo "1826"]
[BlackElo "1536"]
[PlyCount "67"]
[EventDate "2012.06.17"]
[EventType "swiss"]
[EventRounds "7"]
[EventCountry "ESP"]
[SourceTitle "EXT 2024"]
[Source "ChessBase"]
[SourceDate "2023.10.10"]
[SourceVersion "1"]
[SourceVersionDate "2023.10.10"]
[SourceQuality "1"]

1. c4 g6 2. Nc3 Bg7 3. g3 e6 4. Bg2 c6 5. e4 d6 6. Nge2 Nh6 7. 0-0 f5 8. d3 0-0 9. h3 e5 10. Be3 Nf7 11. Qd2 f4 12. gxf4 exf4 13. Bxf4 Ne5 14. Bg5 Bf6 15. Bxf6 Qxf6 16. f4 Nf7 17. d4 Qh4 18. Qe1 Qf6 19. e5 Qg7 20. Ne4 Bf5 21. N2g3 Na6 22. Nxf5 gxf5 23. Nf6+ Kh8 24. Kh2 Qh6 25. Qb1 Qg6 26. Rg1 Nh6 27. Be4 Rxf6 28. Rxg6 Rxg6 29. Bxf5 Rg7 30. Be4 Rag8 31. f5 Ng4+ 32. hxg4 Rxg4 33. Qe1 R4g5 34. Qh4 1-0